000 00957nam a2200265 4500
003 OSt
005 20260601171007.0
008 260507b2005\\\\bl\|||||\||||\00|\0\por\d
020 _a 8588721228
040 _aICI
_bSPA
_cICI
041 _aPOR
050 _aTS1714
_bL45
100 1 _a Leon, Ethel,
_eautor
_932499
245 1 _aDesign brasileiro :
_bquem fez, quem faz = Brazilian design : who did, who does /
_cEthel Leon ; versão em inglês = english version Sérgio Moraes
246 3 _aBrazilian design :
_b who did, who does
264 _aRio de Janeiro :
_bViana & Mosley Editora : Senac Rio Editora,
_c 2005
300 _a 193 páginas :
_b ilustraciones a color
336 _atexto
_2rdacontent
337 _asin medio
_2rdamedia
338 _avolumen
_2rdacarrier
650 4 _aDiseñadores industriales
_z Brasil
_932500
650 4 _aDiseño industrial
_z Brasil
700 1 _aMoraes, Sérgio Torres,
_etraductor
_932502
942 _2lcc
_cB
_n1
999 _c20337
_d20337